| 000 | 01058nam a2200205Ia 4500 | ||
|---|---|---|---|
| 001 | 19502 | ||
| 003 | GE_BSU | ||
| 008 | 181216s||||||||xx |||||||||||||| ||und|| | ||
| 040 | _cGE_BSU | ||
| 245 | _aქართველური მემკვიდრეობაIV | ||
| 245 | _cსარედ;საბჭ: იოსებ ასათიანი,როლანდ თოფჩიშვილი და სხვ.რედ:ტარიელ ფუტკარაძე | ||
| 260 | _aქუთაისი | ||
| 260 | _bაკაკი წერეთლის სახელმწ. უნ-ტის გამ-ბა | ||
| 260 | _c2000 | ||
| 300 | _a430გვ;24სმ. | ||
| 541 | _h8ლ. | ||
| 653 | _aსიმპოზიუმის ძირითადი თემა:ენობრივ-კულტურული სიტუაციის ისტორიული დინამიკა საქართველოში | ||
| 653 | _aქართველური მემკვიდრეობა IV | ||
| 942 | _cBK | ||
| 999 |
_c52479 _d52479 |
||